00786nam a2200253 a 4500001001300000003000900013005001700022008004100039020002600080082001500106100002000121245007700141260003500218300000900253500003500262505001000297650002900307650003000336700002000366902000800386942000700394952011600401999001500517nice12345678IN_TiNIC20260116013129.0050524s1977 newa grp 000 0 eng  a0809167 c438.5500a261.7bHAU aHaughey, John C aFaith That Does Justiceb Examining the Christian Sources for Social Cha aNew YorkbPaulist Press c1977 a295p aincludes index and biblioraphy2 aIndex aChristianity and Justice aChristianity and Politics1 aHaughey, John C bSRS cBK 001040708StackRoom-aHMIbHMId2007-07-10g438.55l0o261.7 HAUp015137r2007-07-10v438.55w2005-05-24yBK c9785d9785